| Поле | Название | Значение |
| |
Тип записи |
c |
| |
Библиографический уровень |
m |
| 001 |
Контрольный номер |
UONB/NOTY/4c3372049e134627b1096e75e227a4f3 |
| 005 |
Дата корректировки |
20251119090929.1 |
| 010 |
Индекс ISBN |
__ |
| 9 |
Тираж |
22000 экз. |
| 013 |
Номер (ISMN) |
__ |
| d |
Цена |
40 к. |
| 071 |
Издательские номер (звукозапись и ноты) |
21 |
| a |
Номер, присвоенный агентством |
3179 |
| 100 |
Данные общей обработки |
__ |
| a |
Данные общей обработки |
20220709g1985 u##y0rusy0189## ca |
| 101 |
Язык документа |
0_ |
| a |
Язык текста |
rus |
| f |
Язык титульного листа |
rus |
| 102 |
Страна публикации |
__ |
| a |
Страна публикации |
RU |
| 125 |
Кодированные данные звукозаписи и нотных изданий |
__ |
| a |
Форма изложения нотного текста |
с |
| 128 |
Кодированные данные (звукозаписи-физические характеристики) |
__ |
| a |
Кодированные данные: Музыкальная форма и тональность или лад |
sg |
| c |
Инструменты или голоса, рекомендуемые для солистов (устаревшее) |
vu |
| 200 |
Заглавие и сведения об ответственности |
1_ |
| a |
Заглавие |
Вып. 29 |
| 203 |
Вид содержания и тип средства |
__ |
| a |
Вид содержания |
Музыка |
| b |
Характеристика содержания |
знаковая |
| c |
Тип средства |
непосредственная |
| 210 |
Выходные данные |
1_ |
| d |
Дата издания |
1985 |
| 215 |
Физическое описание |
__ |
| a |
Объем |
34 с. включ. обл. |
| 327 |
Примечание о содержании |
11 |
| a |
Примечание о содержании |
Содерж. : Хромушин О. Будет мир! / сл. Э. Кузнецова. - Чесноков А. На Пулковских высотах / сл. А. Чепурова. - Ривчун Б. О том, что я помню / сл. М. Дудина. - Портнов Г. Военный романс / сл. М. Геловани ; пер. Ю. Полухина ; Снова крутятся колеса / сл. М. Дудина : две песни из муз. спектакля "В начале мая". - Морозов А. Моему учителю / сл. М. Рябинина. - Дубравин Я. Давайте поклоняться доброте / сл. А. Чепурова. |
| 461 |
Уровень набора |
_0 |
| 1 |
|
2001 |
| a |
|
Поющие гитары |
| b |
|
Ноты |
| e |
|
песни из репертуара вок.-инструм. ансамбля |
| e |
|
для голоса [ансамбля] с фп. [и букв.-цифр. обозначением] |
| v |
|
Вып. 29 |
| 1 |
|
2101 |
| a |
|
Л. |
| c |
|
Музыка |
| d |
|
1971 - |
| 1 |
|
001UONB/NOTY/81adac9626ce47afb0df047894e4433d |
| 1 |
|
215 |
| d |
|
29 см |
| 1 |
|
71002 |
| a |
|
"Поющие гитары" |
| c |
|
вокально-инструментальный ансамбль |
| 4 |
|
590 |
| 464 |
Аналитический уровень |
_0 |
| 1 |
|
700 1 |
| a |
|
Хромушин |
| b |
|
О. |
| 1 |
|
702 1 |
| a |
|
Кузнецов |
| b |
|
Э. |
| 4 |
|
520 |
| 1 |
|
2001 |
| a |
|
Будет мир! |
| 1 |
|
036 |
| t |
|
От звезд ночных до самого рассвета... |
| 464 |
Аналитический уровень |
_0 |
| 1 |
|
700 1 |
| a |
|
Чесноков |
| b |
|
А. |
| 1 |
|
702 1 |
| a |
|
Чепуров |
| b |
|
А. |
| 4 |
|
520 |
| 1 |
|
2001 |
| a |
|
На Пулковских высотах |
| 1 |
|
036 |
| t |
|
На Пулковских высотах тишина... |
| 464 |
Аналитический уровень |
_0 |
| 1 |
|
700 1 |
| a |
|
Ривчун |
| b |
|
Б. |
| 1 |
|
702 1 |
| a |
|
Дудин |
| b |
|
М. |
| 4 |
|
520 |
| 1 |
|
2001 |
| a |
|
О том, что я помню |
| 1 |
|
036 |
| t |
|
Я слышу, я вижу своими глазами... |
| 464 |
Аналитический уровень |
_0 |
| 1 |
|
700 1 |
| a |
|
Портнов |
| b |
|
Г. |
| 1 |
|
702 1 |
| a |
|
Геловани |
| b |
|
М. |
| 4 |
|
520 |
| 1 |
|
702 1 |
| a |
|
Полухин |
| b |
|
Ю. |
| 4 |
|
730 |
| 1 |
|
2001 |
| a |
|
Военный романс |
| e |
|
из муз. спектакля "В начале мая" |
| 1 |
|
036 |
| t |
|
Меня умчала тряская теплушка... |
| 1 |
|
50010 |
| a |
|
В начале мая |
| i |
|
Военный романс |
| 464 |
Аналитический уровень |
_0 |
| 1 |
|
700 1 |
| a |
|
Портнов |
| b |
|
Г. |
| 1 |
|
702 1 |
| a |
|
Дудин |
| b |
|
М. |
| 4 |
|
520 |
| 1 |
|
2001 |
| a |
|
Снова крутятся колеса |
| e |
|
из муз. спектакля "В начале мая" |
| 1 |
|
036 |
| t |
|
Снова крутятся колеса... |
| 1 |
|
50010 |
| a |
|
В начале мая |
| i |
|
Снова крутятся колеса |
| 464 |
Аналитический уровень |
_0 |
| 1 |
|
700 1 |
| a |
|
Морозов |
| b |
|
А. |
| 1 |
|
702 1 |
| a |
|
Рябинин |
| b |
|
М. |
| 4 |
|
520 |
| 1 |
|
2001 |
| a |
|
Моему учителю |
| 1 |
|
036 |
| t |
|
Могу дать вам честное слово... |
| 464 |
Аналитический уровень |
_0 |
| 1 |
|
700 1 |
| a |
|
Дубравин |
| b |
|
Я. |
| 1 |
|
702 1 |
| a |
|
Чепуров |
| b |
|
А. |
| 4 |
|
520 |
| 1 |
|
2001 |
| a |
|
Давайте поклоняться доброте |
| 1 |
|
036 |
| t |
|
Давайте поклоняться доброте... |
| 512 |
Заглавие обложки |
1_ |
| a |
Заглавие обложки |
Поющие гитары |
| 606 |
Тематические рубрики |
0_ |
| a |
Основная рубрика |
Песни советских композиторов |
| x |
Основная подрубрика |
Из репертуара |
| x |
Основная подрубрика |
Эстрадные ансамбли |
| x |
Основная подрубрика |
Популярные песни |
| 610 |
Ключевые слова |
0_ |
| a |
Ключевые слова |
песни советских композиторов; популярные песни; из репертуара; "Поющие гитары", вокально-инструментальный ансамбль |
| 686 |
Индексы других классификаций |
__ |
| a |
Классификационный индекс |
85.943.4-42-041.5я43 |
| a |
Классификационный индекс |
85.952.18я43 |
| a |
Классификационный индекс |
85.952,8 |
| 801 |
Источник записи |
_0 |
| a |
Страна |
RU |
| b |
Организация |
Ульяновская ОНБ |
| c |
Дата составления |
20220709 |
| g |
Правила каталогизации |
RCR |
| 801 |
Источник записи |
_1 |
| a |
Страна |
RU |
| b |
Организация |
Ульяновская ОНБ |
| c |
Дата составления |
20220709 |
| g |
Правила каталогизации |
RCR |
| 901 |
Тип документа |
__ |
| t |
Тип документа |
n |
| w |
Контрольный № источника |
UONB/NOTY/81adac9626ce47afb0df047894e4433d |
| 909 |
Создатель записи |
__ |
| a |
Создатель записи |
Грязнова И. Е. |